000 00696nam a2200205Ia 4500
005 20241129110113.0
008 241129s9999||||xx |||||||||||||| ||und||
037 _aTB
040 _aARTS
_bpun
_cARTS
041 _apun
_2pun
084 _aO153,2NGRx R3
_qARTS
100 _aਗਰੇਵਾਲ, ਅਮਰਜੀਤ, ਚ।
245 0 _aਸੋ ਦਰੁ
_cਗਰੇਵਾਲ, ਅਮਰਜੀਤ, ਚ।
260 _aਲੁਧਿਆਨਾ, ਭਾਰਤ
_bਲੁਧਿਆਨਾ ਸ਼ਬਦਲੋਕ ਪ੍ਰਕਾਸ਼ਨ
_c2023
300 _a130ਪ੍ਰ0
365 _aINR
_b300
650 _aPunjabi Drama
_9336323
942 _cTB
_hO153,2NGRx R3
999 _c1227319
_d1227319